ASIAN FRONTIERS STUDIES IN A CONTINUING PROBLEM (Record no. 584136)

000 -LEADER
fixed length control field 00268nam a22001097a 4500
082 ## - DEWEY DECIMAL CLASSIFICATION NUMBER
Classification number 954.912 LAM'A
100 ## - MAIN ENTRY--PERSONAL NAME
Personal name LAMB, ALASTAIR
9 (RLIN) 1758
245 ## - TITLE STATEMENT
Title ASIAN FRONTIERS STUDIES IN A CONTINUING PROBLEM
260 ## - PUBLICATION, DISTRIBUTION, ETC.
Place of publication, distribution, etc. LONDON
Name of publisher, distributor, etc. PALL MALL
Date of publication, distribution, etc. 1968
300 ## - PHYSICAL DESCRIPTION
Extent 246P
942 ## - ADDED ENTRY ELEMENTS (KOHA)
Koha item type Book
Holdings
Withdrawn status Lost status Damaged status Not for loan Permanent Location Current Location Shelving location Date acquired Total Checkouts Full call number Barcode Date last seen Price effective from Koha item type
        College of Electrical & Mechanical Engineering (CEME) College of Electrical & Mechanical Engineering (CEME) General Stacks 07/03/2017   954.912 LAM'A CEME-7129 06/28/2021 06/28/2021 Book
© 2023 Central Library, National University of Sciences and Technology. All Rights Reserved.